| 000 | 00641cab a2200229 4500 | ||
|---|---|---|---|
| 001 | WB2639-10 | ||
| 008 | 090401t1990 xxu||||| |||| 00| 0 eng d | ||
| 035 | _a(Sirsi) u74745 | ||
| 041 | _aeng | ||
| 245 | _aProperty market braces itself | ||
| 260 | _c1990 | ||
| 350 | _a0 | ||
| 490 |
_aTimes _v1/10/90 p1&23 |
||
| 520 | _aUp to £7bn of the £36bn lent by British and overseas banks to British property companies is now thought to be at serious risk. | ||
| 650 | _aINTEREST PAYMENTS | ||
| 650 | _aLENDING | ||
| 650 | _aLOANS | ||
| 650 | _aVALUES | ||
| 690 | _aPROPERTY-COMMERCIAL PROPERTY | ||
| 942 | _n0 | ||
| 948 | _c04/03/1997 | ||
| 999 |
_c47094 _d47094 |
||